Normal view
MARC view
- Soils
Entry Topical Term
001 - CONTROL NUMBER
- control field: 40968
003 - CONTROL NUMBER IDENTIFIER
- control field: NUST
005 - DATE AND TIME OF LATEST TRANSACTION
- control field: 20210314131930.0
008 - FIXED-LENGTH DATA ELEMENTS
- fixed length control field: 210314|| aca||aabn | a|a d
040 ## - CATALOGING SOURCE
- Original cataloging agency: NUST
- Transcribing agency: NUST
150 ## - HEADING--TOPICAL TERM
- Topical term or geographic name entry element: Soils
- General subdivision: Testing
- General subdivision: Laboratory manuals
670 ## - SOURCE DATA FOUND
- Source citation: Work cat.: (NUST): Bowles, Joseph E. 38582, Engineering properties of soils and their measurement /, c1986.
